29 Oceanian Countries and Regions, 29 Cities - Statistics

General Stats
  • This quiz has been taken 53 times
    44 since last reset
  • The average score is 13 of 29
Answer Stats
City Country % Correct
Tuvalu Funafuti Tuvalu
88%
Fiji Nadi Fiji
72%
New Zealand Rotorua New Zealand
69%
American Samoa Pago Pago American Samoa
63%
Australia Toowoomba Australia
63%
Northern MarianaIslands Saipan Northern MarianaIslands
63%
Palau Koror City Palau
59%
French Polynesia Papeete French Polynesia
56%
Papua Jayapura Papua
56%
Papua New Guinea Lae Papua New Guinea
50%
F. S. of Micronesia Weno F. S. of Micronesia
47%
Norfolk Island Kingston Norfolk Island
47%
Hawaii Kailua Hawaii
44%
Niue Alofi Niue
44%
Pitcairn Islands Adamstown Pitcairn Islands
44%
Easter Island Hanga Roa Easter Island
41%
Cook Islands Avarua Cook Islands
38%
Guam Dededo Guam
38%
Samoa Salelologa Samoa
38%
Vanuatu Luganville Vanuatu
38%
Wallis and Futuna Mata-Utu Wallis and Futuna
34%
Nauru Aiwo Nauru
31%
New Caledonia Lifou New Caledonia
31%
Tonga Neiafu Tonga
28%
Kiribati Betio Kiribati
25%
Marshall Islands Ebeye Marshall Islands
25%
Tokelau Atafu Tokelau
25%
West Papua Manokwari West Papua
25%
Solomon Islands Gizo Solomon Islands
19%
No matching quizzes found
Score Distribution
Percent of People with Each Score
Percentile by Number Answered
Your Score History
You have not taken this quiz since the last reset